| 000 | 00576nam a22001817a 4500 | ||
|---|---|---|---|
| 003 | OSt | ||
| 005 | 20251120135221.0 | ||
| 008 | 251120b |||||||| |||| 00| 0 eng d | ||
| 020 | _a971-93325-0-6. | ||
| 040 |
_aDWCL-Main lib _cOC |
||
| 082 | _aFil. 336.2 M264t 2005 | ||
| 100 | _aMamalateo, Victorino A. | ||
| 245 |
_aTax rights and remedies with bookkeeping regulations taxpayer's bill of rights _cMamalateo, Victorino A. |
||
| 260 |
_aManila : _bVictorino C. Mamalateo, _cc2005. |
||
| 300 |
_axxviii, 849 p. ; _c22 cm. |
||
| 650 | _aTaxation. | ||
| 942 |
_2ddc _cBK - FIL _kMP _n0 |
||
| 999 |
_c5887 _d5887 |
||